| 000 | 00819nam a22002292 4500 | ||
|---|---|---|---|
| 001 | 0000000944 | ||
| 005 | 20151021151050.0 | ||
| 008 | 070222s xx 000 0 eng d | ||
| 020 |
_a9966860401 : _cKES 650 |
||
| 040 |
_aKABU _cKABU |
||
| 050 | 0 |
_aBT121.2 _b.T46 |
|
| 110 | 2 |
_aTheological Advisory Group. _@0000152908 |
|
| 245 | 1 | 4 |
_aThe Holy Spirit and the church in Africa today / _cprepared by the TAG Research Team. |
| 260 |
_aMachakos : _bTheological Advisory Group, _cn.d. |
||
| 300 |
_aviii, 441 p. ; _c21 cm. |
||
| 500 | _aThe Theological Advisory Group (TAG) engages in research for Scott Theological College. | ||
| 650 | 0 |
_aHoly Spirit. _@0000149390 |
|
| 710 | 2 |
_aScott Theological College. _@0000159997 |
|
| 908 | _a070222 | ||
| 950 | _@1 | ||
| 999 |
_c290 _d290 |
||